Linie autobusowe ZTM w Gdańsku - Statystyki

Ogólne statystyki
  • Ten quiz został rozwiązany 298 razy
    169 od ostatniego zresetowania
  • Średni wynik to 11 z 21
Statystyki odpowiedzi
Linia Trasa % Poprawnych
N4 Jelitkowo – Olimpijska (linia nocna)
84%
168 Wrzeszcz PKP – Kiełpino Górne
82%
100 Dworzec Główny → Targ Rybny → Dworzec Główny (linia okrężna)
81%
127 Jasień PKM – Oliwa PKP
80%
157 Wrzeszcz PKP – Bysewo
80%
108 Wały Piastowskie – Chełm Więckowskiego
76%
158 Wrzeszcz PKP – Stogi
75%
199 Wały Piastowskie – Oliwa PKP
72%
115 Wrzeszcz PKP – Jaworzniaków (przez Ujeścisko)
71%
212 Wały Piastowskie – Przegalina (z pominięciem Bogatki)
71%
123 Wały Piastowskie – Równa
70%
N14 Żabianka SKM – Olimpijska (linia nocna)
68%
131 Matemblewo – Olszynka-Szkoła
67%
210 Dworzec Główny – Osowa PKP
67%
512 Sobieszewo – Przegalina
67%
N6 Jasieńska – Żabianka SKM (linia nocna)
67%
122 Port Lotniczy – Sopot Kamienny Potok SKM
65%
167 Wały Piastowskie – Bysewo
65%
154 Wały Piastowskie – Orunia Górna
64%
149 Wrzeszcz PKP → Wrzeszcz PKP (linia okrężna; przez Przymorze SKM i Czarny Dwór)
63%
N8 Dworzec Główny – Górki Zachodnie (linia nocna)
62%
N9 Dworzec Główny – Przegalina (linia nocna)
62%
162 Wrzeszcz PKP – Orunia Górna
61%
175 Siedlce – Maćkowy
61%
255 Łostowice Świętokrzyska – Jankowo
61%
130 Muzeum II Wojny Światowej – Jasień PKM
60%
179 Oliwa – Osowa PKP
60%
200 Dworzec Główny – Pruszcz Gdański Osiedle Wschód
59%
227 Chełm Cienista – Jelitkowo
59%
N78 Dworzec Główny – Olszynka-Niwki (linia nocna)
59%
295 Łostowice Świętokrzyska – Zakoniczyn
58%
N5 Dworzec Główny – Pruszcz Gdański Matejki (linia nocna)
58%
110 Wrzeszcz PKP – Port Lotniczy
57%
112 Wały Piastowskie – Przegalina (przez Bogatkę)
57%
113 Gościnna – Olimpijska
57%
184 Wały Piastowskie – Niedźwiednik
57%
268 Jasień PKM – Smęgorzyno
57%
124 Wrzeszcz PKP → Zaspa-Szpital → Wrzeszcz PKP (linia okrężna)
56%
171 Oliwa – Gdynia Karwiny Nowowiczlińska
56%
207 Dworzec Główny – Pruszcz Gdański Komarowo (przez Osiedle Wschód)
56%
N2 Maćkowy – Nowy Port Szaniec Zachodni (linia nocna)
56%
N3 Dworzec Główny – Wrzeszcz PKP (linia nocna)
56%
174 Siedlce – Stara Piła
55%
213 Łostowice Świętokrzyska – Kowale Szkoła Metropolitalna
55%
256 Dworzec Główny – Jankowo
54%
136 Wrzeszcz PKP – Niedźwiednik
53%
148 Nowy Port Szaniec Zachodni – Żabianka SKM
53%
208 Muzeum II Wojny Światowej – Łostowice Świętokrzyska
53%
283 Niedźwiednik – Nowy Port Szaniec Zachodni
53%
307 Pruszcz Gdański Osiedle Wschód – Pruszcz Gdański Tczewska
53%
120 Łostowice Świętokrzyska – Port Lotniczy
52%
262 Wrzeszcz PKP – Jaworzniaków (przez Łostowice Świętokrzyska)
52%
106 Muzeum II Wojny Światowej – Westerplatte
50%
117 (Sopot Hestii) – Jelitkowo Kapliczna – Sopot Przylesie
50%
138 Wały Piastowskie – Westerplatte (przez Przetoczną)
50%
178 Wały Piastowskie – Olszynka-Niwki
50%
N1 Jaworzniaków – Osowa PKP (linia nocna)
50%
189 Wały Piastowskie – Starogardzka
48%
232 Dworzec Główny – Będzieszyn Panattoni
48%
111 Wały Piastowskie – Górki Zachodnie
47%
116 Wrzeszcz PKP – Matemblewo
47%
155 Jasień PKM – Łostowice Świętokrzyska
47%
606 Dworzec Główny – Westerplatte (linia sezonowa)
47%
N56 Dworzec Główny – Kolbudy Plac Kaszubski(linia nocna)
47%
612 Śródmieście SKM – Sobieszewo (linia sezonowa)
46%
N16 Dworzec Główny – Niedźwiednik (linia nocna)
46%
107 Pruszcz Gdański Urząd Skarbowy – Pruszcz Gdański Komarowo
45%
118 Ujeścisko – Zakoniczyn
44%
143 Oliwa PKP – Sopot Sanatorium "Leśnik"
44%
126 Wrzeszcz PKP – Banino Pszenna – (Żukowo Urząd Gminy)
43%
622 Oliwa – Oliwa ZOO (linia sezonowa)
43%
132 Wały Piastowskie – Pruszcz Gdański Zastawna/Rondo
38%
186 Wały Piastowskie – Górki Wschodnie
38%
658 Stadion Energa Gdańsk – Ku Ujściu (linia sezonowa)
38%
289 Wały Piastowskie → Starogardzka → Wały Piastowskie (linia okrężna)
37%
258 Wrzeszcz PKP – Stogi (przez Terminal DCT)
36%
169 Oliwa – Owczarnia
35%
205 Dworzec Główny – Pruszcz Gdański Komarowo
35%
267 Wały Piastowskie – Bysewo Centrum Magazynowe
35%
607 Pruszcz Gdański Rondo Kaszubskie – Sobieszewo (linia sezonowa)
35%
269 Osiedle Barniewice – Kukawka
31%
156 Siedlce – Kowale Szkoła Metropolitalna
30%
195 Siedlce – Łostowice Świętokrzyska
29%
166 Muzeum II Wojny Światowej – Sztutowska
25%
176 Łostowice Świętokrzyska – Borkowo Szkoła
25%
249 Wrzeszcz PKP → Wrzeszcz PKP (linia okrężna; przez Czarny Dwór i Przymorze SKM)
17%
Nie znaleziono quizów pasujących do podanych kryteriów
Rozkład punktacji
Procent ludzi z każdym wynikiem
Percentyl według liczby udzielonych odpowiedzi
Twoja historia wyników
Nie rozwiązałeś tego quizu od ostatniego zresetowania